| 000 | 01148nam a22003377a 4500 | ||
|---|---|---|---|
| 003 | CHAP | ||
| 005 | 20260129091045.0 | ||
| 008 | 971010s1979 r 00010 d | ||
| 010 | _a63099 | ||
| 011 | _a64071 | ||
| 035 | _a69144 | ||
| 040 | _cCHAP | ||
| 090 | _aTesis | ||
| 100 | 1 | 0 |
_aReyes Aguilar, Héctor _996732 |
| 245 | _aFactibilidad económica y financiera de instalar dos rastros en el norte del estado de Puebla | ||
| 260 |
_aChapingo, Méx. : _bEl autor, _c1979 |
||
| 300 |
_a187 h. _b: gráfs., mapa. |
||
| 502 | _aTesis (Ing. Agr. Esp. en Industrias Agrícolas) -- ENA. Departamento de Industrias Agrícolas | ||
| 590 |
_aALEPH _b10 _c20130110 _lUCH01 _h1346 |
||
| 590 |
_aBATCH-UPD _b10 _c20130110 _lUCH01 _h1801 |
||
| 590 |
_aBATCH-UPD _b10 _c20130410 _lUCH01 _h1137 |
||
| 590 |
_aBATCH-UPD _b10 _c20130914 _lUCH01 _h0850 |
||
| 590 |
_aCONVERSION _b10 _c20130109 _lUCH01 _h1334 |
||
| 650 | 1 | 4 |
_aCarne de res _xProducción. _919222 |
| 650 | 1 | 4 |
_aGanado vacuno _xPuebla. _945508 |
| 650 | 1 | 4 |
_aMataderos. _972885 |
| 901 | _aBK | ||
| 942 | _cTESIS | ||
| 949 |
_bBC _cTES _d-149931 _eTS1 _i69144 _si |
||
| 949 |
_bIA _cTES _d-1311 _eTS1 _i69144 _si |
||
| 999 |
_c63099 _d63099 |
||